|
|
|
|
| LEADER |
00000nab a2200000 a 4500 |
| 001 |
vtls000422516 |
| 003 |
SK-MaSNL |
| 005 |
20260304075751.0 |
| 008 |
250424c1990 xo 0 slo |
| 015 |
|
|
|a SNBRA19rr/mm-uuuuu
|
| 035 |
|
|
|a CL0422644
|
| 035 |
|
|
|a urn:nbn:sk:snk-aba44
|
| 035 |
|
|
|a (urnnbn)urn:nbn:sk:snk:ar-0028kk
|
| 035 |
|
|
|a (uuid)df12fd86-1a48-4264-a627-07027a0fa129
|
| 040 |
|
|
|a SNKBUCL
|b slo
|c SNKBUCL
|e AACR2
|
| 041 |
0 |
|
|a ger
|
| 044 |
|
|
|a xo
|c SK
|
| 080 |
|
|
|a 630 27:630 41:632.111.5
|2 1981
|
| 080 |
|
|
|a 630 41
|2 1981
|
| 080 |
|
|
|a 632.111.5
|2 1981
|
| 100 |
1 |
|
|a Svoboda, Antonín Marián,
|d 1930-
|4 aut
|9 8120
|
| 245 |
1 |
0 |
|a Geschichte der Introduktion von Gehölzen - ihre Bedeutung für die Bewertung der Frosthärte
|c Antonín Marián Svoboda
|
| 300 |
|
|
|b Tb. 3. Res. slov., angl., rus., lit. 13 zázn. v slov., češ., angl., nem.
|
| 650 |
0 |
7 |
|a dreviny okrasné cudzokrajné
|2 snkbucl
|9 1366450
|
| 655 |
|
7 |
|a články zo zborníkov
|2 snkbucl
|9 166140
|
| 773 |
0 |
|
|t Folia dendrologica 17
|d Bratislava : Veda, 1990
|g S. 125-152
|
| 850 |
|
|
|a Slovenská národná knižnica
|
| 852 |
|
|
|a Slovenská národná knižnica
|
| 958 |
|
|
|a article27
|
| 958 |
|
|
|a NB
|
| 958 |
|
|
|a RK
|
| 958 |
|
|
|a OND
|
| 958 |
|
|
|a EUIPO
|
| 992 |
|
|
|a RZB
|
| 999 |
|
|
|c 2783220
|d 2785150
|